000
00393nam a2200169 a 4500
005
20140414131917.0
008
030210s19uu xx 00 eng d
050
_a
ER
_b
L72 1999
100
_a
245
_a
Little Bo-Peep and friends.
260
_a
London :
_b
Hamlyn,
_c
1985.
300
_a
440
_a
Nursery Rhyme Board Books
650
_a
999
_c
111537
_d
111537